[Event "Wichern op 6th"]
[Site "Hamburg"]
[Date "2001.10.15"]
[Round "3.54"]
[White "Joehnk, Christian"]
[Black "Meyer, Frank"]
[Result "1-0"]
[WhiteElo "1840"]
[BlackElo "2039"]
[PlyCount "179"]
[EventDate "2001.10.21"]
[EventType "swiss"]
[EventRounds "9"]
[EventCountry "GER"]
[SourceTitle "EXT 2002"]
[Source "ChessBase"]
[SourceDate "2001.11.25"]
[SourceVersion "1"]
[SourceVersionDate "2001.11.25"]
[SourceQuality "1"]

1. d4 g6 2. Bf4 Bg7 3. c3 d6 4. Nf3 Nf6 5. Nbd2 Nbd7 6. e4 c5 7. Bc4 a6 8. Bxf7+ Kxf7 9. Qb3+ Kf8 10. Ng5 Qe8 11. Ne6+ Kg8 12. Nc7+ Qf7 13. Nxa8 Qxb3 14. axb3 Nh5 15. Be3 Kf7 16. 0-0 Nhf6 17. Nc7 cxd4 18. Bxd4 e6 19. b4 Nb8 20. b5 Ke7 21. Ba7 Nfd7 22. Nc4 h5 23. Rfd1 Be5 24. g3 g5 25. Bd4 Rh6 26. bxa6 bxa6 27. Be3 Rg6 28. Nxe5 Nxe5 29. Na8 Bb7 30. Nb6 Bxe4 31. Rd4 Nf3+ 32. Kf1 Nxd4 33. Bxd4 h4 34. Ke2 e5 35. Be3 hxg3 36. hxg3 g4 37. Nc4 Bf3+ 38. Kd3 Bc6 39. Na5 Bd5 40. c4 Bf3 41. Nb3 Bb7 42. Na5 Bf3 43. Kc3 d5 44. Re1 Kd7 45. cxd5 Bxd5 46. Bc5 Ke6 47. Bd4 Nd7 48. Nc4 Rg5 49. Kb4 Rh5 50. Bc3 Rh1 51. Rxh1 Bxh1 52. Ka5 Bb7 53. Ne3 Nf6 54. Kb6 Bc8 55. Kc7 Bd7 56. Nc4 Nd5+ 57. Kb7 Nxc3 58. bxc3 Bb5 59. Ne3 Be2 60. Kc6 Bf3+ 61. Kb6 Be2 62. c4 Kd6 63. c5+ Kd7 64. c6+ Kc8 65. Nd5 Bc4 66. Ne7+ Kd8 67. c7+ Kxe7 68. c8Q Be2 69. Qc2 Bf3 70. Kxa6 Kd6 71. Kb6 Kd5 72. Qd2+ Kc4 73. Qc2+ Kd5 74. Qb3+ Kd6 75. Qb5 Ke6 76. Kc7 Kf5 77. Kd6 Ke4 78. Qxe5+ Kd3 79. Kc5 Kd2 80. Kd4 Be2 81. Qe3+ Ke1 82. Kc3 Kf1 83. Kd2 Bf3 84. Qe1+ Kg2 85. Ke3 Kh2 86. Qa5 Kg2 87. Qf5 Bd1 88. Qd5+ Bf3 89. Qxf3+ gxf3 90. g4 1-0